LIBRARY ONLINE CATALOGUE

A General introduction to the Bible / (Record no. 232)

MARC details
000 -LEADER
fixed length control field 00756nam a22002292 4500
001 - CONTROL NUMBER
control field 0000000702
005 - DATE AND TIME OF LATEST TRANSACTION
control field 20151021151048.0
008 - FIXED-LENGTH DATA ELEMENTS--GENERAL INFORMATION
fixed length control field 070215s xx 000 0 eng d
020 ## - INTERNATIONAL STANDARD BOOK NUMBER
International Standard Book Number 0802429165 :
Terms of availability KES 2,100
040 ## - CATALOGING SOURCE
Original cataloging agency KABU
Transcribing agency KABU
050 #0 - LIBRARY OF CONGRESS CALL NUMBER
Classification number BS475.2
Item number .G39 1986
100 1# - MAIN ENTRY--PERSONAL NAME
Personal name Geisler, Norman L.
-- 0000148128
245 12 - TITLE STATEMENT
Title A General introduction to the Bible /
Statement of responsibility, etc. Norman L. Geisler and William E. Nix.
250 ## - EDITION STATEMENT
Edition statement rev. ed.
260 ## - PUBLICATION, DISTRIBUTION, ETC. (IMPRINT)
Place of publication, distribution, etc. Chicago :
Name of publisher, distributor, etc. Moody Press,
Date of publication, distribution, etc. 1986.
300 ## - PHYSICAL DESCRIPTION
Extent 724 p. ;
Dimensions 24 cm.
700 1# - ADDED ENTRY--PERSONAL NAME
Personal name Nix, William E.
-- 0000149006
852 1# - LOCATION
-- p1800 KES
852 1# - LOCATION
-- p1800 KES
908 ## - PUT COMMAND PARAMETER (RLIN)
Put command parameter 070215
950 ## - LOCAL HOLDINGS (RLIN)
-- 1
Holdings
Withdrawn status Lost status Source of classification or shelving scheme Not for loan Home library Current library Date acquired Total Checkouts Full call number Barcode Date last seen Price effective from Koha item type Date last checked out
    Library of Congress Classification   Kabarak, Main Campus Kabarak, Main Campus 17/12/2015   BS475.2 .G39 1986 001449 02/08/2024 17/12/2015 General Collection  
    Library of Congress Classification   Kabarak, Main Campus Kabarak, Main Campus 17/12/2015   BS475.2 .G39 1986 c.2 16892 02/08/2024 17/12/2015 General Collection  
    Library of Congress Classification   Kabarak, Main Campus Kabarak, Main Campus 17/12/2015   BS475.2 .G39 1986 c.3 16893 02/08/2024 17/12/2015 General Collection  
    Library of Congress Classification   Kabarak, Nakuru City Campus Kabarak, Nakuru City Campus 21/10/2015   BS475.2 .G39 1986 c. 1 16894 21/10/2015 21/10/2015 General Collection  
    Library of Congress Classification   Kabarak, Nakuru City Campus Kabarak, Nakuru City Campus 21/10/2015 1 BS475.2 .G39 1986 c. 2 16895 17/10/2018 21/10/2015 General Collection 28/09/2018